000 00757nam a2200265Ia 4500
003 OSt
005 20220927114807.0
006 a|||||r|||| 00| 0
007 ta
008 220926b |||||||| |||| 00| 0 eng d
024 _a51948
037 _cThesis and Dissertations
040 _aRTL
_cRTL
_beng
041 _2eng
_aeng
082 _a"X:8DK, M3"
100 _aBroyles Jack etc
_9389353
245 0 _aFinancial management hand-book
250 _a2nd
260 _aAldershot
_bGower
_c1983
300 _a"xxii, 431p. Bibliography P 419-21"
_ccm.
500 _aGower handbook of financial management
650 _aFinancial
_9389354
942 _h"X:8DK, M3"
_cCC
999 _c705117
_d705117